| 000 | 00713nam a2200217 a 4500 | ||
|---|---|---|---|
| 005 | 20140310183451.0 | ||
| 008 | 090109s19uu xx 00 eng d | ||
| 020 | _a9781422101223 | ||
| 050 |
_aHG 172.D67 _b.An58 2008 |
||
| 100 | _aAnte, Spencer E. | ||
| 245 |
_aCreative capital : _bGeorges Doriot and the birth of venture capital / _cSpencer E. Ante |
||
| 260 |
_aBoston, Massachusetts : _bHarvard Business Press, _c2008. |
||
| 300 |
_a299 p. : _bill. ; _c24 cm. |
||
| 521 | _aBSBA | ||
| 650 | _aBSBA. | ||
| 650 | _aDoriot, Georges F. (Georges Frederic), 1899-1987. | ||
| 650 |
_aCapitalists and financiers _xBiography. |
||
| 650 |
_aVenture capital _xHistory. |
||
| 942 |
_cBK _2lcc _kFOR |
||
| 999 |
_c23421 _d23421 |
||